Towards a global, christian movement for eco-justice : (Record no. 143451)

MARC details
000 -LEADER
fixed length control field 00614nam a22001817a 4500
005 - DATE AND TIME OF LATEST TRANSACTION
control field 20170817111419.0
010 ## - LCCN (DPL NO)
LC control number ENG-119779
020 ## - INTERNATIONAL STANDARD BOOK NUMBER
International Standard Book Number 9788184655063
Terms of availability 150.00
035 ## - SYSTEM CONTROL NUMBER
System control number EN-103311
037 ## - SOURCE OF ACQUISITION
Source of stock number/acquisition DBAD/PUB
082 ## - DEWEY DECIMAL CLASSIFICATION NUMBER
Classification number 250
245 ## - TITLE STATEMENT
Title Towards a global, christian movement for eco-justice :
Statement of responsibility, etc edited by Shantha Ready Alonso
Remainder of title Young voices from North America /
260 ## - PUBLICATION, DISTRIBUTION, ETC. (IMPRINT)
Place of publication, distribution, etc Delhi
Name of publisher, distributor, etc ISPCK
Date of publication, distribution, etc 2015
270 ## - ADDRESS
Address Post Box 1585, 1654, Madarsa Road, Kashmere Gate,
City Delhi
Postal code 110006
300 ## - PHYSICAL DESCRIPTION
Extent xiv,138p. :
Dimensions 22cm(pbk)
Other physical details ill.
700 ## - ADDED ENTRY--PERSONAL NAME
Personal name Alonso, Shantha Ready
942 ## - ADDED ENTRY ELEMENTS (KOHA)
Source of classification or shelving scheme Dewey Decimal Classification
Item type English Books
Classification part 250
Call number suffix TOW
Holdings
Withdrawn status Lost status Not for loan Collection code Home library Current library Date acquired Source of acquisition Cost, normal purchase price Full call number Barcode Copy number Cost, replacement price Koha item type
    Not For Loan Non-fiction D.B.Act.Division Bawana 17/08/2017 DBAD/PUB 150.00 250 TOW EN-103311 1 150.00 English Books

© Delhi Public Library
Hit Counter
free hit counter